LIBRARY & INFORMATION CENTRE, KCAET, TAVANUR

ONLINE PUBLIC ACCESS CATALOGUE (OPAC)

MARUBHOOMIKAL UNDAKUNNATHU | മരുഭൂമികൾ ഉണ്ടാകുന്നത് (Record no. 17657)

MARC details
000 -LEADER
fixed length control field 02702nam a22001817a 4500
003 - CONTROL NUMBER IDENTIFIER
control field OSt
008 - FIXED-LENGTH DATA ELEMENTS--GENERAL INFORMATION
fixed length control field 230506b |||||||| |||| 00| 0 eng d
041 ## - LANGUAGE CODE
Language code of text/sound track or separate title MAL
082 ## - DEWEY DECIMAL CLASSIFICATION NUMBER
Classification number 894.812 3
Item number ANA/MA
100 ## - MAIN ENTRY--AUTHOR NAME
Personal name Anand
-- ആനന്ദ്
245 ## - TITLE STATEMENT
Title MARUBHOOMIKAL UNDAKUNNATHU
Remainder of title മരുഭൂമികൾ ഉണ്ടാകുന്നത്
250 ## - EDITION STATEMENT
Edition statement 30
260 ## - PUBLICATION, DISTRIBUTION, ETC. (IMPRINT)
Place of publication Kottayam
Name of publisher DCBOOKS
Year of publication 2021
300 ## - PHYSICAL DESCRIPTION
Number of Pages 238
500 ## - GENERAL NOTE
General note Noval
520 ## - SUMMARY, ETC.
Summary, etc മരുഭൂമിയുടെ നടുവിലൊരു പട്ടണത്തില്‍ പഴയ കോട്ടയ്ക്കകത്ത്, തടവുപുള്ളികളെയും കോണ്‍ട്രാക്ടിലെടുത്ത നാടന്‍ മനുഷ്യരെയുംകൊണ്ട് പണിചെയ്യിപ്പിച്ച് ഉണ്ടാക്കുന്ന ഒരു സുരക്ഷാപദ്ധതിയില്‍ ലേബര്‍ ഓഫീസറായിവരുന്ന കുന്ദന്റെ കഥയാണ് ഇത്. കുറച്ച് തടവുകാരെയോ കുറെ നിസ്സഹായരായ ഗ്രാമീണരെയോ മാത്രമല്ല, അതിന്റെ ജനതയെ മുഴുവനുമാണ് ആധുനിക സ്‌റ്റേറ്റ് എന്ന അധികാരയന്ത്രം അതിന്റെ ക്രൂരമായ ലക്ഷ്യങ്ങള്‍ക്കുവേണ്ടി ഉപയോഗിക്കുന്ന തെന്ന് വിചിത്രമായ അനുഭവങ്ങളിലൂടെ അയാള്‍ മനസ്സിലാക്കുന്നു. മനുഷ്യരെയും മനുഷ്യനെയും ഘടിപ്പിക്കുന്ന ഈര്‍പ്പം നശിപ്പിക്കപ്പെടുമ്പോള്‍, മണലിന്റെ കിരുകിരുപ്പുപോലുള്ള അധികാരത്തിന്റെ സ്വരം എല്ലാ മൃദുലശബ്ദങ്ങളെയും കൊല്ലുമ്പോള്‍, നിഷ്ഠുരമായ സര്‍ക്കാര്‍ നിഹായരു ഒറ്റപ്പെട്ടവരുമായ അതിന്റെ ജനതയെ മണല്‍ക്കാറ്റുപോലെ വേട്ടയാടുമ്പോള്‍, സമൂഹത്തിലേക്കും മനുഷ്യമനസ്സിലേക്കുമുള്ള മരുഭൂമിയുടെ വളര്‍ച്ച മുഴു വനുമാകുന്നു.
942 ## - ADDED ENTRY ELEMENTS (KOHA)
Koha item type Books
Holdings
Withdrawn status Lost status Damaged status Collection code Home library Current library Shelving location Date acquired Cost, normal purchase price Full call number Accession Number Koha item type
      Fiction KAUAET KAUAET Fiction 06/05/2023 260.00 894.812 3 ANA/MA 26213 Books
free website counter